MARC

LEADER 00000nam0a2200000 4500
001 287012
005 20231101235940.0
035 |a (RuTPU)RU\TPU\book\311381 
090 |a 287012 
100 |a 20150312d1985 k y0rusy50 ca 
101 0 |a rus 
102 |a RU 
105 |a a z 000zy 
200 1 |a Анализ экономических показателей в отраслевой АСУ : Организация и методы  |f В. Н. Горелик, С. В. Поляк 
210 |a Москва  |c Машиностроение  |d 1985 
215 |a 88 с.  |c ил. 
606 |a Автоматизированные системы планирования и управления  |x отраслевые  |2 stltpush  |3 (RuTPU)RU\TPU\subj\655  |9 29492 
610 1 |a экономические показатели 
610 1 |a анализ 
610 1 |a организация 
610 1 |a методы 
675 |a 658.012.011.56  |v 3 
700 1 |a Горелик  |b В. Н.  |g Владимир Николаевич 
701 1 |a Поляк  |b С. В.  |g Сергей Владимирович 
801 1 |a RU  |b 63413507  |c 20150312 
801 2 |a RU  |b 63413507  |c 20171107  |g RCR 
942 |c BK